The awesome geeky nerdy quiz - Statistics

General Stats
  • This quiz has been taken 530 times
  • The average score is 6 of 18
Answer Stats
Hint Answer % Correct
True or False: Vista was Microsoft's greatest OS HA HA HA HA HA
82%
The Greek god of war Ares
72%
A common theory in astronomy is that these exist at the center of all galaxies Supermassive black hole
65%
Actual word for 1337 Leet
48%
Rock Paper Scissors ______ Spock Lizard
48%
This large icy rock in the Kuiper belt was once classified as number nine Pluto
40%
In comics, Drax the Destroyer is created to kill _______ Thanos
34%
Croatia is most certainly about to eat what country Bosnia and Herzegovina
31%
kilobyte - megabyte - gigabyte - terabyte - ________ Petabyte
30%
Because staying in shape is part of being an "Awesome" geek, what exercise involves lifting a barbell off the ground from a bent over postion to a standing position The deadlift
30%
What does Prince Adam 'Have' when he points his sword to the sky The Power
25%
"The Code" is for what classic NES game Contra
16%
What is the name of the dead pirate from Goonies One-eyed Willie
15%
A concept proposed by many notable mathematicians and futurists that predicts the technological creation of a super intelligence The singularity
9%
Zeratul is a member of what alien race Protoss
6%
Angelina Jolie's Hacker name Acid Burn
5%
What marvel character was originally referred to as "Him" Adam Warlock
4%
What was the 1st Android version that did NOT include the word android in its title Cupcake
2%
No matching quizzes found
Score Distribution
Percent of People with Each Score
Percentile by Number Answered
Your Score History
You have not taken this quiz